00394nam a2200145Ia 450000500170000000800410001702000150005804000110007308200180008410000180010224500550012026000380017530000160021365000190022920241212122119.0231207s9999 xx 000 0 und d a9847763224 cNCA-PK a709.5492bBIS aBiswas, Babul 0aArt of Bangladesh: through hundred theatre posters bOitijjhya PublishersaDhakac2006 a224p.; ills aArt-Bangladesh